000 008240000a22002170004500
020 _a958-648-449-1
041 0 _aSpa.
082 0 4 _aG 001.42 C579c
100 1 _aCisneros Estupiñan, Mireya
245 1 0 _aCómo elaborar trabajos de grado / Mireya Cisneros Estupiñan
250 _a2 ed.
260 _aBogotá : Ecoe
300 _a124 Pag.
505 0 0 _a¿Qué es un trabajo de grado? / ¿cómo empezar un trabajo de grado? /La investigación cientifica - Obtención y manejo de la información - Redacción del trabajo de grado - Estructura de los trabajos de grado - Sustentación o defensa de los trabajos de grado
650 1 4 _aREDACCION DE ESCRITOS TECNICOS
001 14869
942 _cBK
999 _c43688
_d43688
336 _atexto
_btxt
_2rdacontent
337 _2rdamedia
_asin mediación
_bn
338 _2rdacarrier
_avolumen
_bnc